1885 1301 1754 1970 1171 1187 1053 1860 1606 1034 1925 1439 1679 1068 1982 1238 1633 1627 1029 1905 1852 1197 1880 1695 1998 1451 1896 1398 1377 1057 1217 1225 1834 1237 1449 1065 1233 1205 1320 1600 1630 1239 1941 1100 1105 1676 1453 1172 1754 1151 1551 1503 1479 1899 1610 1116 1549 1766 1994 1807 1023 1422 1383 1765 1004 1339 1131 1340 1552 1409 1737 1402 1882 1775 1033 1974 1063 1534 1990 1584 1214 1549 1767 1956 1128 1481 1890 1150 1051 1646 1506 1142 1015 1017 1976 2000 1526 1535 1438 BCNSPRNW ULIB Ver.6.0+V

เปลี่ยนเป็นภาษาไทย

Change to English
 แสดงรายละเอียดบรรณานุกรม
  กลับหน้าหลัก

Brief Record : Get Marc (ISO 2709) : E-mail record : QR code < ปิดหน้าต่าง
LEADER : 00000nam 2200000uu 4500
001    13399111521
003     ULIB
008    110628s||||||||th 000 0 tha d
020    9749273443
020    9789749273449
050  4 BQ4302^bม862ก ล.2 2548
100 0  บูรพา ผดุงไทย
245 10 เกิดแต่กรรม 2 กับแม่ชีธนพร(ทศพร)/^cบูรพา ผดุงไทย
250    พิมพ์ครั้งที่ 7
260    กรุงเทพฯ :^bมีเดียอ๊อฟมีเดียส์,^c 2548
300    160 หน้า^bภาพประกอบสี
650  7 กรรม
945    ^p160^l0^i022917
995    ทศพร
999 ^a ใช้งานได้ทุกระบบ
รายการนี้ยังไม่มีแท็ก
คุณยังไม่ได้ล็อกอิน คุณสามารถมีกิจกรรมร่วมกับเว็บไซต์ได้ แต่ต้องล็อกอินก่อน ::
  ล็อกอิน

รายการสื่อสารสนเทศ

ลำดับที่ ประเภท เลขเรียก/บาร์โค้ด สถานที่ สถานะ
- ไม่พบข้อมูล -

รายการใกล้เคียง
    ผู้แต่ง [บูรพา ผดุงไทย]

    หัวเรื่อง [กรรม]

BibComment


ยังไม่เคยถูกคอมเมนท์

คอมเมนท์ทรัพยากรรายการนี้
  คอมเมนท์: เกิดแต่กรรม 2 กับ..


 Copyright 2026. Bcnsprnw @Library